Vocabulaire historique du christianisme (notice n° 1568500)
[ vue normale ]
| 000 -LEADER | |
|---|---|
| fixed length control field | 01469cam a2200133 4500500 |
| 005 - DATE AND TIME OF LATEST TRANSACTION | |
| control field | 20251214004405.0 |
| 041 ## - LANGUAGE CODE | |
| Language code of text/sound track or separate title | fre |
| 042 ## - AUTHENTICATION CODE | |
| Authentication code | dc |
| 100 10 - MAIN ENTRY--PERSONAL NAME | |
| Personal name | Suire, Éric |
| Relator term | author |
| 245 00 - TITLE STATEMENT | |
| Title | Vocabulaire historique du christianisme |
| 260 ## - PUBLICATION, DISTRIBUTION, ETC. | |
| Name of publisher, distributor, etc. | Armand Colin,<br/> |
| Date of publication, distribution, etc. | 2004.<br/> |
| 520 ## - SUMMARY, ETC. | |
| Summary, etc. | Le christianisme aura bientôt deux mille ans. Matrice de la civilisation européenne, religion présente sur tous les continents, il a façonné au fil des siècles l'organisation sociale, le calendrier et le langage des hommes. Aujourd'hui cependant, l'usage d'un vocabulaire adapté aux besoins de la théologie et de la spiritualité, comportant de nombreux emprunts scripturaires et patristiques, l'emploi liturgique du grec et du latin sont devenus des obstacles à l'intelligibilité de l'architecture, de l'iconographie et de la littérature chrétiennes. Ce vocabulaire, à travers plus de 3 000 occurrences, recense les mots qui leur sont spécifiques, il en restitue les différentes significations, et les replace dans leur contexte historique. Il aborde les questions relatives au droit, à la morale, à la discipline ecclésiastique, depuis les premières communautés de fidèles jusqu'aux Églises contemporaines. Il apporte une aide indispensable au commentaire de document, à la dissertation et à l'épreuve de culture générale. |
| 856 41 - ELECTRONIC LOCATION AND ACCESS | |
| Uniform Resource Identifier | <a href="https://shs.cairn.info/vocabulaire-historique-du-christianisme--9782200265311?lang=fr&redirect-ssocas=7080">https://shs.cairn.info/vocabulaire-historique-du-christianisme--9782200265311?lang=fr&redirect-ssocas=7080</a> |
Pas d'exemplaire disponible.




Réseaux sociaux